000 00700nam a2200265Ia 4500
005 20260121172724.0
008 008 260114s9999 xx 000 0 eng d
020 _a9783030724009
037 _aEBOOK
040 _aCRL
040 _beng
040 _cCRL
041 _2eng
041 _aeng
084 _qCRL
100 _aKennedy Andrew Thomas, Joseph Varghese Kureethara, Siddhartha Bhattacharyya
_91091926
245 0 _aNeuro-Systemic Applications in Learning
260 _bSpringer
260 _bSpringer
260 _c2021
856 _uhttps://link.springer.com/openurl?genre=book&isbn=978-3-030-72400-9
942 _cEBOOK
999 _c1657666
_d1657666